| 000 | 00515nam a2200205Ia 4500 | ||
|---|---|---|---|
| 005 | 20250425162420.0 | ||
| 008 | 250425s9999 xx 000 0 und d | ||
| 020 | _a9978860282 | ||
| 041 | _aspa | ||
| 082 | _a928.866 | ||
| 245 | 0 | _aREMIGIO CRESPO TORAL | |
| 250 | _a1A ED. | ||
| 260 |
_aEcuador _bPOETAS ROMANTICOS Y NEOCLASICOS _c1989 |
||
| 260 |
_aS.L. _bCORPORACION DE ESTUDIOS Y PUBLICACIONES |
||
| 300 | _a693 | ||
| 650 | _aPROSA | ||
| 650 | _aREMIGIO CRESPO TORAL | ||
| 942 | _c01 | ||
| 010 | _a69479 | ||
| 999 |
_c228768 _d228768 |
||